000 01201nam a22002777a 4500
003 OSt
005 20240220101821.0
007 ca ||||||a|c|a
008 240219b2023 mx ||||fom||| 001 0 spa d
040 _erda
100 1 _9188375
_aJurado Jiménez, Lizbeth
245 1 0 _aEvaluación de bioestimulantes enraizadores en pepino europeo (Cucumis sativus L.) en tres etapas bajo condiciones de invernadero /
_cpor Lizbeth Jurado Jiménez; director Luis Gerardo Yáñez Chávez
264 1 _aChapingo, México :
_bEl autor,
_c2023
300 _a1 recurso en línea (50 páginas):
_bCuadros, figuras
336 _2rdacontent
_atexto
_btxt
337 _2rdamedia
_acomputadora
_bc
338 _2rdacarrier
_arecurso en línea
_bcr
502 _bISA
_cURUZA
_d2023
_gLIC
504 _aIncluye referencias bibliográficas: páginas 29-34
650 4 _9131502
_aPepino
_xSistemas de producción
650 4 _986928
_aPepino
_xRendimiento
650 4 _994672
_aRaíces
_xCrecimiento
700 1 _9123121
_aYáñez Chávez, Luis Gerardo
_eDirector de tesis
856 _uhttp://10.13.5.2/tesis/tl/1711327-8_JURADO_JIMENEZ_LIZBETH.pdf
_zDESCARGAR PDF
942 _2Clasificación Universidad Autónoma Chapingo
_cTD
999 _c219718
_d219718